000 01768nam0a2200385 4500
001 RU\NLR\bibl\385533
005 20250622154956.0
010 _a5-7749-0297-8
_91500
021 _aRU
_b2003-6044
_9281
035 _a(NLR Aleph) 000379901
090 _a448962
_c448962
100 _a20030326d2003 |||y0rusy50 ca
101 0 _arus
_aeng
102 _aRU
105 _ay |||||||||
200 1 _aАнглийский язык для повседневного и делового общения
_dEveryday and business English
_eУчеб. пособие для слушателей программы "Магистр делового администрирования"
_fЕ. А. Бонди
_gАкад. нар. хоз-ва при Правительстве Рос. Федерации, Каф. иностр. яз.
_zeng
210 _aМ.
_cДело
_d2003
215 _a245,[1] с.
_d24
300 _aАнгл., рус.
510 0 _aEveryday and business English
_zeng
606 0 _aПредпринимательство
_jРуководства, пособия и т.п.
_91161265
_3RU\NLR\auth\66147005
606 0 _aПредпринимательство
_jУчебные издания
_91161265
_3RU\NLR\auth\66147005
606 0 _aАнглийский язык
_jУчебные издания
_9972309
_3RU\NLR\auth\6646032
610 0 _aАнглийский язык
675 _a811.111(078)
_v3
_zrus
686 _a81.2Англ-9
_2rubbk
686 _aУ5-13я7
686 _aШ143.21-93рус
700 1 _aБонди
_bЕ. А.
_gЕвгений Александрович
_4070
801 0 _aRU
_bRKP
_c20030326
_gPSBO
801 1 _aRU
_bRKP
_c20030326
801 2 _aRU
_bNLR
_c20030506
_grcr
942 _cBOOK
980 _aNB